00551nam a22001697a 450000500170000001000150001702000270003203500140005903700130007308200120008610000080009824501040010626000300021027000680024030000230030850000500033120191115150035.0 aENG-126915 c1195.00a9789386552860 aEN-110447 bDBAD/PUB a294.509 aFIS aHindu pluralism :cby Elaine M. Fisherbreligion and the public sphere in early modern South Asia / aDelhibPrimus Booksc2018 aVirat Bhawan, Mukherjee Nagar Commercial Complexe110009bDelhi aix;284p.c23cm(Hb) aIncludes bibliographical references and index